[Event "Rheinland Pfalz op 11th"]
[Site "Weilerbach"]
[Date "2019.06.23"]
[Round "7"]
[White "Unbehend, Marius"]
[Black "Michel, Udo"]
[Result "1/2-1/2"]
[WhiteElo "1400"]
[BlackElo "1594"]
[PlyCount "57"]
[EventDate "2019.06.20"]
[EventType "swiss"]
[EventRounds "7"]
[EventCountry "GER"]
[SourceTitle "CBM 191 Extra"]
[Source "ChessBase"]
[SourceDate "2019.09.30"]
[SourceVersion "1"]
[SourceVersionDate "2019.09.30"]
[SourceQuality "1"]

1. e4 Nc6 2. Nc3 d6 3. d4 e5 4. dxe5 dxe5 5. Qxd8+ Nxd8 6. Nf3 Bd6 7. Bg5 Ne6 8. Bc4 c6 9. 0-0 f6 10. Be3 Ne7 11. Rad1 Bb4 12. Ne2 b5 13. Bb3 Nc5 14. Bxc5 Bxc5 15. Rd2 Ng6 16. Rfd1 Ke7 17. Ng3 Nf4 18. Kf1 g6 19. Ne2 Nxe2 20. Kxe2 Bg4 21. h3 Bxf3+ 22. Kxf3 Rad8 23. Rxd8 Rxd8 24. Rxd8 Kxd8 25. Bg8 h6 26. Bh7 g5 27. Ke2 h5 28. f3 g4 29. b3 1/2-1/2

[Event "Rheinland Pfalz op 11th"]
[Site "Weilerbach"]
[Date "2019.06.22"]
[Round "6"]
[White "Michel, Udo"]
[Black "Schmidt, Peter4444"]
[Result "1-0"]
[WhiteElo "1594"]
[BlackElo "1158"]
[PlyCount "122"]
[EventDate "2019.06.20"]
[EventType "swiss"]
[EventRounds "7"]
[EventCountry "GER"]
[SourceTitle "CBM 191 Extra"]
[Source "ChessBase"]
[SourceDate "2019.09.30"]
[SourceVersion "1"]
[SourceVersionDate "2019.09.30"]
[SourceQuality "1"]

1. Nf3 d5 2. g3 h6 3. d3 Nf6 4. Nbd2 e6 5. Bg2 c6 6. 0-0 Be7 7. Re1 0-0 8. e4 dxe4 9. dxe4 Nfd7 10. e5 Qc7 11. h4 f6 12. Nc4 Nb6 13. Nd6 Bxd6 14. exd6 Qd8 15. b3 N6d7 16. Rxe6 Re8 17. Qe2 Ne5 18. Rxe8+ Qxe8 19. Nxe5 Qxe5 20. Qxe5 fxe5 21. Bb2 Nd7 22. c4 Rb8 23. b4 Kf7 24. Re1 Nf8 25. Bxe5 Be6 26. c5 Rd8 27. Bd4 Rd7 28. a4 a6 29. Rb1 Bc4 30. Rc1 Bb3 31. b5 Bxa4 32. bxc6 bxc6 33. Ra1 Bb5 34. Bf1 Ne6 35. Bh3 g6 36. f3 Bc4 37. Be3 h5 38. f4 Rb7 39. f5 gxf5 40. Bxf5 Rb5 41. Rxa6 Rb1+ 42. Bxb1 Bxa6 43. Kf2 Kf6 44. Kf3 Bc8 45. Ke4 Bd7 46. Bc2 Be8 47. Bd1 Bg6+ 48. Kf3 Be8 49. g4 hxg4+ 50. Kxg4 Bd7 51. Kg3 Be8 52. Bg4 Bd7 53. Bxe6 Bxe6 54. Kf4 Bf5 55. h5 Bc8 56. Bd4+ Kf7 57. Kg5 Kg8 58. h6 Kh7 59. Bg7 Bh3 60. Kf6 Kg8 61. Ke7 Bf5 1-0